मेरी कहानी (Record no. 1021953)

MARC details
000 -LEADER
fixed length control field 01105nam a2200265Ia 4500
003 - CONTROL NUMBER IDENTIFIER
control field OSt
005 - DATE AND TIME OF LATEST TRANSACTION
control field 20221005111456.0
008 - FIXED-LENGTH DATA ELEMENTS--GENERAL INFORMATION
fixed length control field 221004b |||||||| |||| 00| 0 hin d
020 ## - INTERNATIONAL STANDARD BOOK NUMBER
International Standard Book Number 97881073093616 (pbk)
037 ## - SOURCE OF ACQUISITION
Terms of availability Textual
040 ## - CATALOGING SOURCE
Original cataloging agency CRL
Transcribing agency CRL
Language of cataloging hin
041 ## - LANGUAGE CODE
Source of code hin
Language code of text/sound track or separate title hin
100 ## - MAIN ENTRY--PERSONAL NAME
Personal name नेहरू, जवाहरलाल
245 #0 - TITLE STATEMENT
Title मेरी कहानी
Remainder of title एक यशस्वी जीवन की गाथा
246 ## - VARYING FORM OF TITLE
Title proper/short title Merī kahānī: ek yashasvī jīvan kī gāthā
260 ## - PUBLICATION, DISTRIBUTION, ETC.
Place of publication, distribution, etc. नई दिल्ली
Name of publisher, distributor, etc. सस्ता साहित्य मण्डल प्रकाशन भारत
Date of publication, distribution, etc. 2013
300 ## - PHYSICAL DESCRIPTION
Extent 726पृ0
Dimensions cm.
650 ## - SUBJECT ADDED ENTRY--TOPICAL TERM
Topical term or geographic name entry element विश्व-इतिहास
942 ## - ADDED ENTRY ELEMENTS (KOHA)
Classification part V2:25xM89w, 152L7;Q3
Koha item type Textual
Source of classification or shelving scheme
Holdings
Withdrawn status Lost status Damaged status Not for loan Home library Current library Date acquired Source of acquisition Cost, normal purchase price Total Checkouts Full call number Barcode Date last seen Cost, replacement price Price effective from Koha item type
        Central Library Central Library 2022-10-05 1155, 21/03/2014, Anamika Publishers & Distributors Pvt. Ltd. 275.00   V2:25xM89w 152L7;Q3 CL1566768 2022-10-05 275.00 2022-10-05 Textual
Copyright @ Delhi University Library System